000 00518nam a2200193Ia 4500
005 20250326143734.0
008 250326s9999 xx 000 0 und d
037 _aTextbook
040 _aFMSL
_beng
_cFMSL
041 _aeng
_2eng
084 _aKR4945obL N1
_qFMSL
100 _aWorden J W
_9748463
245 0 _aCrief counselling and grief therapy
_cWorden J W
250 _a2
260 _aNY
_bNY, Springer
_c1991
300 _a183p
942 _cTB
_hKR4945obL N1
999 _c1300817
_d1300817